000 00515nam a22001817a 4500
005 20251108175200.0
008 250721s1994 xx 000 0 ara d
082 1 4 _aط/935/حمو
100 1 _aحمودي، خالد
245 1 0 _aآثار سامراء /
264 1 _aعمان :
_bجمعية عمال المطابع،
_c1994.
300 _a28ص.
650 1 7 _aالآثار القديمة
650 1 7 _aالعراق
653 _aناشئون كبار (15-18) سنة
942 _2ddc
_cBK
999 _c128107
_d128107